The purchasers pattern (Record no. 113372)

MARC details
000 -LEADER
fixed length control field 01252cam a22001935a 4500
001 - CONTROL NUMBER
control field L155179
008 - FIXED-LENGTH DATA ELEMENTS--GENERAL INFORMATION
fixed length control field 120307s1656 xxk f 000 0 eng d
035 ## - SYSTEM CONTROL NUMBER
System control number (Sirsi) u155179
041 0# - LANGUAGE CODE
Language code of text/sound track or separate title eng
100 1# - MAIN ENTRY--PERSONAL NAME
Personal name Phillippes, Henry
Dates associated with a name d. 1677
245 04 - TITLE STATEMENT
Title The purchasers pattern
Remainder of title In two parts. The first shewing the true value of the purchase of any parcel of land or houses, by lease or otherwise. Also new tables of interest and rebate at 6 per cent. The second part, shewing the measuring of land, board and timber, and the false rules and deceits of many therein. Also the gauging of all vessels, with many other rules about weights and measures, and several tables of accounts, with many other rules and tables of daily use for most men. The third edition, much enlarged by Henry Philippes
260 ## - PUBLICATION, DISTRIBUTION, ETC.
Place of publication, distribution, etc. London
Name of publisher, distributor, etc. printed by R. and W. Leybourn, for Thomas Pierrepont, at the Sun in Pauls Churchyard
Date of publication, distribution, etc. 1656.
300 ## - PHYSICAL DESCRIPTION
Extent [16], 126, 123-240 p.
Other physical details ill. (woodcuts), tables
Dimensions 12o
520 ## - SUMMARY, ETC.
Summary, etc. "The purchasers pattern: the second part" has separate dated title page (F7r); pagination and register are continuous.
583 ## - ACTION NOTE
Action Condition reviewed
Time/date of action 20120620
Status condition level 1
651 #4 - SUBJECT ADDED ENTRY--GEOGRAPHIC NAME
Geographic name Great Britain
Chronological subdivision 1707-
690 ## - LOCAL SUBJECT ADDED ENTRY--TOPICAL TERM (OCLC, RLIN)
Topical term or geographic name as entry element Measurement
9 (RLIN) 6256
942 ## - ADDED ENTRY ELEMENTS (KOHA)
Suppress in OPAC 0
Holdings
Withdrawn status Lost status Source of classification or shelving scheme Damaged status Not for loan Home library Current library Shelving location Date acquired Total Checkouts Full call number Barcode Date last seen Copy number Price effective from Koha item type
    Dewey Decimal Classification     Historic collection Historic collection Historic collection 07/03/2012   OCTAVO 1656 PHILLIPPES 30077671 06/08/2019 1 06/08/2019 Book